Countries With Letters That Don't Repeat - Statistics

General Stats
  • This quiz has been taken 58 times
    40 since last reset
  • The average score is 16 of 19
Answer Stats
# Countries % Correct
C Chad | Chile | China | Cuba | Cyprus
97%
I Iceland | India | Iran | Iraq | Ireland | Israel | Italy
97%
D Denmark
94%
E Ecuador | Egypt | Estonia
91%
F France
91%
O Oman
91%
H Honduras | Hungary
88%
J Jordan
88%
N Nepal | Niger | Norway
88%
P Peru | Poland | Portugal
88%
B Belarus | Bhutan | Brazil | Brunei | Belgium
84%
G Gabon | Germany | Guinea
81%
L Laos | Libya
81%
S Serbia | Singapore | Slovenia | South Africa | Spain | Sudan | Suriname | Syria | Switzerland
81%
M Maldives | Mali | Malta | Mexico
78%
K Kenya | Kuwait
72%
V Vietnam
72%
U Ukraine | Uzbekistan
63%
T Tonga | Turkey
59%
No matching quizzes found
Score Distribution
Percent of People with Each Score
Percentile by Number Answered
Your Score History
You have not taken this quiz since the last reset